High resolution NMR Techniques in Organic Chemistry (Record no. 8764)

MARC details
000 -LEADER
fixed length control field 00496nam a22001937a 4500
003 - CONTROL NUMBER IDENTIFIER
control field OSt
005 - DATE AND TIME OF LATEST TRANSACTION
control field 20240624155641.0
008 - FIXED-LENGTH DATA ELEMENTS--GENERAL INFORMATION
fixed length control field 240624b |||||||| |||| 00| 0 eng d
020 ## - INTERNATIONAL STANDARD BOOK NUMBER
International Standard Book Number 9780080548180
040 ## - CATALOGING SOURCE
Transcribing agency MUST
082 ## - DEWEY DECIMAL CLASSIFICATION NUMBER
Classification number 547 CLA 2009
100 ## - MAIN ENTRY--PERSONAL NAME
Relator code Claridge, Timothy D W
245 ## - TITLE STATEMENT
Title High resolution NMR Techniques in Organic Chemistry
250 ## - EDITION STATEMENT
Edition statement .- 2nd
260 ## - PUBLICATION, DISTRIBUTION, ETC. (IMPRINT)
Place of publication, distribution, etc. Oxford
Name of publisher, distributor, etc. : Elsevier
Date of publication, distribution, etc. ,C 2009
504 ## - BIBLIOGRAPHY, ETC. NOTE
Bibliography, etc includes index
650 ## - SUBJECT ADDED ENTRY--TOPICAL TERM
Source of heading or term Organic chemistry
942 ## - ADDED ENTRY ELEMENTS (KOHA)
Source of classification or shelving scheme Other/Generic Classification Scheme
Koha item type Open Shelf
Holdings
Withdrawn status Lost status Source of classification or shelving scheme Damaged status Not for loan Home library Current library Date acquired Source of acquisition Inventory number Total Checkouts Full call number Barcode Date last seen Price effective from Koha item type
    Dewey Decimal Classification     MUST Main Library MUST Main Library 24/06/2024 Donation 12/35661   547 CLA 2009 2024-21132 24/06/2024 24/06/2024 Open Shelf